| 000 | 00552nam a22002057a 4500 | ||
|---|---|---|---|
| 999 |
_c6697 _d6697 |
||
| 003 | OSt | ||
| 005 | 20200302163825.0 | ||
| 008 | 200214b ||||| |||| 00| 0 eng d | ||
| 020 | _a0748756922 | ||
| 040 | _cDDC. | ||
| 082 | _a150 ANG 2001 | ||
| 100 |
_aRussell,Julia;Jarvis,Matt;[et....al] _913658 |
||
| 245 | _aAngles on Psychology | ||
| 250 | _a2nd ed | ||
| 260 |
_aUK, _bNelson Thornes. _c2001. |
||
| 300 |
_axiii,265p; _bill, _c27cm. |
||
| 504 | _aGlossary refences and index are included. | ||
| 650 |
_aPsychology. _931 |
||
| 942 |
_2ddc _cO_SHELF |
||